[Event "Challenge"]
[Site "http://www.queenalice.com/game.php?id=1467607"]
[Date "2017.3.6"]
[Round "-"]
[White "knight576"]
[Black "dmbenati"]
[Result "1/2-1/2"]
[WhiteElo "2103"]
[BlackElo "1618"]

1. e4 e5 2. Nf3 Nc6 3. Bb5 Nd4 4. Nxd4 exd4 5. O-O c6 6. Be2 Bd6 7. f4 Nh6 8.
Qe1 Be7 9. d3 Bh4 10. g3 Be7 11. Qf2 Bc5 12. f5 f6 13. Nd2 d5 14. Bh5+ Nf7 15.
b4 Bxb4 16. Qxd4 Qd6 17. Kg2 O-O 18. exd5 cxd5 19. Bxf7+ Rxf7 20. Ne4 Qe5 21.
Qxe5 fxe5 22. Ng5 Rxf5 23. Rxf5 Bxf5 24. Rb1 a5 25. a3 h6 26. axb4 hxg5 27. bxa5
Rxa5 28. Rxb7 Rc5 29. Rb2 g4 30. Be3 d4 31. Bf2 g6 32. Kf1 Kf7 33. Ke1 Ke6 34.
Kd2 Kd5 35. Rb4 Rc8 1/2-1/2

[Event "Challenge"]
[Site "http://www.queenalice.com/game.php?id=1468128"]
[Date "2017.3.9"]
[Round "-"]
[White "dmbenati"]
[Black "roli68"]
[Result "1/2-1/2"]
[WhiteElo "1727"]
[BlackElo "1740"]

1. e4 d5 2. Bd3 d4 3. Nf3 c5 4. Bc4 h6 5. Ne5 Be6 6. Qf3 Nf6 7. Bxe6 fxe6 8. Ng6
Rh7 9. Nxf8 Kxf8 10. e5 Nc6 11. exf6 exf6 12. Qe4 Rh8 13. Qxe6 Qe7 14. Qxe7+
Nxe7 15. d3 Nf5 16. b3 Nh4 17. O-O Re8 18. Ba3 b6 19. Nd2 Kf7 20. Nc4 Re6 21.
Rfe1 b5 22. Rxe6 Kxe6 23. Na5 b4 24. Re1+ Kf7 25. Bb2 Nf5 26. Nb7 Ne7 27. Nxc5
Rc8 28. Bxd4 Nf5 29. Ne4 Rxc2 30. Bxa7 Rxa2 31. Bc5 Rb2 32. d4 Rxb3 33. Nd6+
Nxd6 34. Bxd6 Kg6 35. g3 Rb2 36. h4 b3 37. Ba3 Rd2 38. Rb1 Rd3 39. Kg2 Kf7 40.
f4 Rd2+ 41. Kf3 Rd3+ 42. Kg4 g6 43. Rc1 Rxd4 44. Rc3 h5+ 45. Kh3 b2 46. Bxb2 Rd1
47. Rc7+ Ke6 48. Rg7 Kf5 49. Rf7 Rd6 50. Kg2 Rd2+ 51. Kf3 Rxb2 52. Rc7 Rb3+ 53.
Kg2 Kg4 54. Kh2 Rxg3 55. Rc6 Kxh4 56. Rxf6 g5 57. Rg6 Rh3+ 58. Kg2 gxf4 59. Rf6
Rg3+ 60. Kf2 Kg4 61. Rg6+ Kh3 62. Rf6 Rg2+ 63. Kf3 Rg4 64. Rf5 h4 65. Rh5 Rg2
66. Kxf4 Rf2+ 67. Kg5 Kg3 68. Rxh4 1/2-1/2

[Event "AUTO-INT-3229"]
[Site "http://www.queenalice.com/game.php?id=1468434"]
[Date "2017.3.11"]
[Round "1"]
[White "dmbenati"]
[Black "alvm"]
[Result "0-1"]
[WhiteElo "1718"]
[BlackElo "1812"]

1. e4 c6 2. Nc3 d5 3. exd5 cxd5 4. d4 Nf6 5. Nf3 Nc6 6. Ne5 Bf5 7. Nxc6 bxc6 8.
Bd3 Qd7 9. O-O g6 10. Bf4 Bg7 11. g3 O-O 12. Na4 Bg4 13. Nc5 Qc8 14. Be2 Bh3 15.
Re1 Nd7 16. Ba6 Qe8 17. Nxd7 Qxd7 18. c3 h5 19. Qa4 Qg4 20. Qxc6 Qf3 21. Bf1
Bxf1 22. Rxf1 e6 23. Rae1 h4 24. Bd6 h3 0-1

[Event "AUTO-INT-3229"]
[Site "http://www.queenalice.com/game.php?id=1468435"]
[Date "2017.3.11"]
[Round "1"]
[White "alvm"]
[Black "dmbenati"]
[Result "0-1"]
[WhiteElo "2073"]
[BlackElo "1741"]

1. d4 e6 2. c4 Bb4+ 3. Bd2 Qe7 4. Nf3 Bxd2+ 5. Qxd2 Nf6 6. Nc3 Nc6 7. e3 b6 8.
Be2 O-O 9. O-O d5 10. Rac1 dxc4 11. Bxc4 Bb7 12. a3 Na5 13. Be2 Nb3 14. Qd3 Be4
15. Qc4 Nxc1 16. Rxc1 Rfd8 17. Nxe4 Nxe4 18. Qxc7 Qxc7 19. Rxc7 Rdc8 20. Rxc8+
Rxc8 21. h4 Rc1+ 22. Kh2 Nxf2 23. Ne5 Rc2 24. Bf3 Rxb2 25. Nc6 Ra2 26. d5 exd5
27. Nxa7 Rxa3 28. Nc8 Rxe3 29. Nxb6 d4 30. Nd5 Re5 31. Nb4 d3 32. Kg3 d2 33.
Kxf2 Re1 34. Nd3 d1=Q 35. Bxd1 Rxd1 36. Nf4 Rd4 37. Kf3 h6 38. Ke3 Ra4 39. g3
Ra3+ 40. Kf2 g5 41. hxg5 hxg5 42. Nd5 Kg7 43. Ne3 Kg6 44. Ng4 f5 45. Ne5+ Kf6
46. Nf3 g4 47. Nd4 Ra2+ 48. Ke3 Kg5 49. Ne6+ Kf6 50. Nf4 Ra3+ 51. Nd3 Kg5 52.
Ke2 Rc3 53. Kd2 Rc4 54. Nf2 Rd4+ 55. Ke3 Ra4 56. Nd3 Ra3 57. Ke2 Ra2+ 58. Ke3
Rg2 59. Nf2 Rxg3+ 60. Ke2 Rf3 61. Nd1 Rh3 62. Nf2 Rh2 63. Kf1 g3 64. Nd3 Kg4 65.
Ne5+ Kh3 66. Nf3 Rf2+ 67. Kg1 Rxf3 0-1

[Event "AUTO-INT-3229"]
[Site "http://www.queenalice.com/game.php?id=1468436"]
[Date "2017.3.11"]
[Round "1"]
[White "dmbenati"]
[Black "saturnin"]
[Result "1-0"]
[WhiteElo "1694"]
[BlackElo "1599"]

1. e4 e5 2. Nf3 d6 3. d3 c5 4. Bg5 f6 5. Bh4 g5 6. Bg3 g4 7. Nh4 Bg7 8. Be2 h5
9. Nf5 Bxf5 10. exf5 Qd7 11. Nc3 b5 12. d4 exd4 13. Bxb5 Nc6 14. Qe2+ Nge7 15.
Nd5 O-O 16. Nxe7+ Qxe7 17. Bxc6 Qxe2+ 18. Kxe2 Rab8 19. Bxd6 Rxb2 20. Bxf8 Rxc2+
21. Kd1 Rxf2 22. Bxc5 Rxg2 23. Bxg2 a5 24. Bxd4 Kf7 25. Bd5+ Kf8 26. Bc5+ Ke8
27. Re1+ Kd7 28. Re7+ Kc8 29. Rxg7 1-0

[Event "AUTO-INT-3229"]
[Site "http://www.queenalice.com/game.php?id=1468437"]
[Date "2017.3.11"]
[Round "1"]
[White "saturnin"]
[Black "dmbenati"]
[Result "0-1"]
[WhiteElo "1618"]
[BlackElo "1706"]

1. b4 e5 2. a3 Nf6 3. Bb2 d5 4. d3 Qd6 5. e3 b5 6. Nf3 e4 7. Be5 Qc6 8. Bxf6
Qxf6 9. Nd4 exd3 10. Qxd3 c6 11. c3 Bd6 12. Nxc6 Nxc6 13. Nd2 Ba6 14. a4 Ne5 15.
Qc2 Nc4 16. axb5 Bxb5 17. Nxc4 Bxc4 18. Qa4+ Ke7 19. Bxc4 dxc4 20. Qa6 Qxc3+ 21.
Ke2 Bxb4 22. Rhd1 Qc2+ 23. Kf3 Rhd8 24. Rd4 Rxd4 25. Qb7+ Rd7 26. Qxa8 Qf5+ 27.
Kg3 Bd6+ 28. f4 Qg6+ 29. Kf3 Qh5+ 30. Kg3 Qg6+ 31. Kf2 Qc2+ 32. Kf3 c3 33. h4
Qf5 34. Rc1 c2 35. Qe4+ Qxe4+ 36. Kxe4 Rc7 37. Kd3 a5 38. Rxc2 Rxc2 39. Kxc2 a4
40. Kb2 a3+ 41. Ka2 Kf6 0-1

[Event "Challenge"]
[Site "http://www.queenalice.com/game.php?id=1468898"]
[Date "2017.3.15"]
[Round "-"]
[White "AuntieRenie"]
[Black "dmbenati"]
[Result "0-1"]
[WhiteElo "1640"]
[BlackElo "1714"]

1. c4 d6 2. d4 Be6 3. e3 Nf6 4. d5 Bg4 5. Qa4+ Bd7 6. Qb4 Ne4 7. Qxb7 Na6 8. Bd3
Nec5 9. Qxa6 Nxa6 10. Ne2 Nc5 11. Bc2 Ba4 12. b3 Bd7 13. b4 Ba4 14. Bxa4+ Nxa4
15. O-O g6 16. Nd2 Bg7 17. Rb1 Nc3 18. Nxc3 Bxc3 19. Ne4 Be5 20. f4 Bg7 21. c5
dxc5 22. Rd1 cxb4 23. Rxb4 Rb8 24. Ra4 Rb1 25. Rxa7 Bb2 26. Rb7 Rxc1 27. Rxc1
Bxc1 28. Rb5 Bxe3+ 29. Kh1 Bxf4 30. a4 O-O 31. a5 c6 32. Rc5 cxd5 33. Nc3 Qb8
34. Rxd5 Qb4 35. Rd3 Qxa5 36. g3 Qa8+ 37. Kg1 Rd8 38. Rxd8+ Qxd8 39. gxf4 Qd4+
0-1

[Event "Challenge"]
[Site "http://www.queenalice.com/game.php?id=1469060"]
[Date "2017.3.16"]
[Round "-"]
[White "thbn"]
[Black "dmbenati"]
[Result "1-0"]
[WhiteElo "1735"]
[BlackElo "1706"]

1. e4 e5 2. Nf3 Qf6 3. Bc4 Bc5 4. Nc3 Ne7 5. O-O d6 6. d3 O-O 7. Bg5 Qg6 8. Qd2
Nec6 9. Nh4 Qh5 10. Ne2 h6 11. Nf3 hxg5 12. Nxg5 Qh6 13. Kh1 Be6 14. Bb5 Nd4 15.
Nxd4 Bxd4 16. c3 Bc5 17. f4 exf4 18. Qxf4 Qf6 19. Qh4 Qg6 20. Rf3 c6 21. Ba4 Nd7
22. Bd1 Ne5 23. Rg3 f6 24. Nxe6 Qh7 25. Qxh7+ Kxh7 26. Nxf8+ Kg8 27. Ng6 Nxg6
28. Rxg6 Kf7 29. Bh5 Rf8 30. Rg3+ Kg8 31. Rf1 d5 32. Rf4 dxe4 33. dxe4 Bd6 34.
Rxf6 Rxf6 35. Rf3 Re6 36. Bf7+ Kh7 37. Bxe6 b5 38. Rf7 1-0

[Event "AUTO-INT-3151"]
[Site "http://www.queenalice.com/game.php?id=1469942"]
[Date "2017.3.22"]
[Round "2"]
[White "Scharlatan"]
[Black "dmbenati"]
[Result "1-0"]
[WhiteElo "1990"]
[BlackElo "1804"]

1. d4 d5 2. c4 dxc4 3. Nf3 e6 4. e4 Bb4+ 5. Bd2 Bxd2+ 6. Qxd2 Nf6 7. e5 Ne4 8.
Qe3 Qd5 9. Na3 b5 10. Be2 Nc6 11. O-O h6 12. Nc2 Ba6 13. Nb4 Nxb4 14. Rfc1 c5
15. dxc5 Nxc5 16. a3 Nbd3 17. Rd1 Nb3 18. Rab1 O-O 19. Bxd3 cxd3 20. Rxd3 Qc4
21. Rxb3 Bb7 22. Rc1 Qg4 23. Rxb5 Bxf3 24. Qxf3 Qd4 25. Rd1 Qh4 26. Rb4 Qe7 27.
Rb7 Qc5 28. Qe4 Rfd8 29. Re1 Qd5 30. Qb4 Qd1 31. g3 Qf3 32. Qb3 Rd3 33. Rb8+
Rxb8 34. Qxb8+ Kh7 35. Qxa7 Rd1 36. Qe3 Qd5 37. Rxd1 Qxd1+ 38. Kg2 Qa1 39. b4 g6
40. b5 Qb1 41. b6 Kg7 42. h4 h5 43. Qc5 Qe4+ 44. Kh2 f6 45. Qe7+ Kh6 46. exf6
Qf3 47. Qf8+ Kh7 48. Qf7+ Kh6 49. Qf8+ Kh7 50. Qf7+ Kh6 51. Qf8+ Kh7 52. f7 Qxf7
53. Qxf7+ Kh6 54. b7 g5 55. hxg5+ Kxg5 56. b8=Q Kg4 57. Qg6+ Kf3 58. Qxh5+ Ke4
59. Qbe5+ Kd3 60. Qxe6 Kc3 61. f4 Kd4 62. Qb5 Kc3 63. Qec4+ Kd2 64. Qb2+ Kd1 65.
a4 Ke1 66. a5 Kd1 67. a6 1-0

[Event "AUTO-INT-3151"]
[Site "http://www.queenalice.com/game.php?id=1469943"]
[Date "2017.3.22"]
[Round "2"]
[White "dmbenati"]
[Black "Scharlatan"]
[Result "0-1"]
[WhiteElo "1732"]
[BlackElo "1986"]

1. e4 d5 2. Qe2 dxe4 3. Qxe4 Nf6 4. Qf4 Nc6 5. Nf3 Bg4 6. Be2 Bxf3 7. Qxf3 e5 8.
c3 e4 9. Qf4 Bd6 10. Qg5 Qe7 11. d3 exd3 12. Qxg7 Qxe2# 0-1

[Event "AUTO-INT-3151"]
[Site "http://www.queenalice.com/game.php?id=1469948"]
[Date "2017.3.22"]
[Round "2"]
[White "italomachado"]
[Black "dmbenati"]
[Result "0-1"]
[WhiteElo "1592"]
[BlackElo "1691"]

1. e4 e5 2. h4 Nf6 3. Qe2 Nc6 4. d4 Nxd4 5. Qd1 Nxe4 6. Bg5 Nxg5 7. hxg5 Qxg5 8.
Nh3 Qg6 9. g3 Nxc2+ 10. Kd2 Bb4+ 11. Ke2 Qe4# 0-1

[Event "AUTO-INT-3151"]
[Site "http://www.queenalice.com/game.php?id=1469949"]
[Date "2017.3.22"]
[Round "2"]
[White "dmbenati"]
[Black "italomachado"]
[Result "1-0"]
[WhiteElo "1703"]
[BlackElo "1580"]

1. e4 e5 2. Nf3 Qf6 3. Nc3 a6 4. Nd5 Qd8 5. Nxe5 f6 6. Qh5+ g6 7. Nxg6 d6 8.
Nxh8+ Kd7 9. Qg4+ Ke8 10. Qxg8 Be6 11. Qxe6+ Be7 12. Nxf6+ Kf8 13. Qf7# 1-0

[Event "AUTO-INT-3229"]
[Site "http://www.queenalice.com/game.php?id=1488063"]
[Date "2017.7.30"]
[Round "2"]
[White "alvm"]
[Black "dmbenati"]
[Result "1-0"]
[WhiteElo "1897"]
[BlackElo "1854"]

1. d4 d5 2. c4 dxc4 3. e4 e6 4. Bxc4 Nc6 5. Nf3 Nf6 6. Nc3 Bb4 7. Bg5 O-O 8. e5
Na5 9. Bd3 h6 10. Bh4 g5 11. exf6 gxh4 12. Qd2 Qxf6 13. O-O b6 14. a3 Nb3 15.
Qe3 Nxa1 16. axb4 Nb3 17. Qe4 Qg6 18. Qe3 f5 19. Nxh4 Qg5 20. Qh3 Nxd4 21. Nf3
Nxf3+ 22. Qxf3 Bd7 23. Rd1 Rad8 24. Bc4 Bc8 25. Rxd8 Rxd8 26. h3 Qc1+ 27. Kh2
Qxb2 28. Qg3+ Kh7 29. Qxc7+ Rd7 30. Qxc8 Rg7 31. Bxe6 Rg8 32. Bxg8+ Kg6 33. Qe6+
Kg7 34. Qf7+ Kh8 35. Nd5 Qe5+ 36. g3 Qg7 37. Qxg7+ Kxg7 38. Be6 Kg6 39. f4 a5
40. bxa5 bxa5 41. Ne3 a4 42. Bxf5+ Kf6 43. Bc2 a3 44. Bb3 Ke7 45. Kg2 Kd6 46.
Kf3 Kc5 47. f5 Kb4 48. Ba2 Kc3 49. f6 Kb2 50. Bd5 1-0

[Event "AUTO-INT-3229"]
[Site "http://www.queenalice.com/game.php?id=1488064"]
[Date "2017.7.30"]
[Round "2"]
[White "dmbenati"]
[Black "alvm"]
[Result "1-0"]
[WhiteElo "1834"]
[BlackElo "1945"]

1. e4 c6 2. d4 d5 3. Nc3 dxe4 4. Nxe4 Nd7 5. Nf3 Ngf6 6. Nxf6+ Nxf6 7. Bd3 Bg4
8. O-O e6 9. Be2 Be7 10. c3 O-O 11. Ng5 Bxe2 12. Qxe2 Nd5 13. Ne4 Qc7 14. c4 Nf4
15. Qf3 Ng6 16. b3 Rad8 17. Bb2 b5 18. Ng5 Bxg5 19. g3 b4 20. Bc1 c5 21. Bxg5
Rxd4 22. Rad1 f6 23. Be3 Rxd1 24. Rxd1 a5 25. Qh5 e5 26. Qf5 Ne7 27. Qe6+ Rf7
28. Rd7 Qc6 29. Rd8+ 1-0